Sports Quiz

Random Sports Quiz

The Western Bulldogs Quiz as at Oct 1 2012 Stats

 Plays Quiz not verified by Sporcle

Challenge
Share
Tweet
Embed
Score 0/45 Timer 20:00
0 Plays Today
% Correct
Current CaptainMatthew Boyd
93.3%
Team of the Century CaptainTed Whitten
90%
Former NameFootscray
89.7%
When was the 'Western Bulldogs' name adopted1997
89.7%
Greatest Bulldog player everTed Whitten
86.2%
Current CoachBrendan McCartney
80%
Current homegroundDocklands
79.3%
Venue most played atWhitten Oval
76.7%
Most recent Brownlow winnerAdam Cooney
73.3%
How many Brownlow winners10
73.3%
Team of the Century CoachCharlie Sutton
73.3%
Debut year1925
70%
Biggest rival clubSt Kilda
69%
Most played opponentMelbourne
66.7%
Team beaten by the mostCollingwood
66.7%
Most games as CaptainTed Whitten
60%
Most games current playerRobert Murphy
56.7%
Most gamesBrad Johnson
53.3%
Most games as CoachTed Whitten
53.3%
Most goals current playerDaniel Giansiracusa
53.3%
Team beaten the mostSydney
50%
Club which highest score took placeSt Kilda
50%
Most goals in a seasonKelvin Templeton
50%
% Correct
First Coach (of WB)Terry Wallace
48.3%
Club which biggest win took placeMelbourne
46.7%
Most goalsSimon Beasley
46.7%
Most recent coleman medal winnerSimon Beasley
46.7%
Most goals in a gameKelvin Templeton
46.7%
Most games current playerDaniel Giansiracusa
46.7%
Founded1883
44.8%
First Captain (of WB)Scott Wynd
41.4%
Highest score213
40%
Lowest score14
40%
Club which lowest score took placeGeelong
40%
Worst losing sequence14
40%
Biggest win120
26.7%
First coleman medal winnerJack Collins
26.7%
First Brownlow winnerAllan Hopkins
23.3%
How many premierships01
23.3%
How many runners up01
23.3%
How many coleman medals won04
23.3%
How many wooden spoons04
20%
How many pre-season/night series premierships05
20%
Best winning sequence09
16.7%
Most consecutive gamesScott West
16.7%

You're not logged in!

Compare scores with friends on all Sporcle quizzes.
Join for Free
OR
Log In

You Might Also Like...

Show Comments

Extras

Created Sep 30, 2012ReportNominate
Tags:afl, footscray

Top Quizzes Today


Score Distribution

Your Account Isn't Verified!

In order to create a playlist on Sporcle, you need to verify the email address you used during registration. Go to your Sporcle Settings to finish the process.

Report this User

Report this user for behavior that violates our Community Guidelines.

Details: